000 02059cad a22002415a 4500
001 L146066
008 081205s2008 xxk f l 000 0 eng d
035 _a(Sirsi) u146066
041 0 _aeng
050 0 4 _a711.1 $2 18
110 2 _aUnited Kingdom
_kLaws, etc.
_95044
245 0 0 _aPlanning Act 2008
_h[electronic resource]
260 _aLondon
_bOPSI
_c2008
505 2 _aThe Infrastructure Planning Commission -- National policy statements -- Nationally significant infrastructure projects -- Requirement for development consent -- Applications for orders granting development consent -- Applications -- Pre-application procedure -- Assistance for applicants and others -- Deciding applications for orders granting development consent -- Handling of application by commission -- The panel procedure -- The single-commissioner procedure -- Examinations of applications under Chapter 2 or 3 -- Decisions on applications -- Suspension of decision-making process -- Intervention of secretary of state -- Grant or refusal -- Legal challenges -- Correction of errors -- Orders granting development consent -- Content of orders -- Changes to, and revocation of, orders -- General -- Enforcement -- Changes to existing planning regimes -- Changes related to development consent regime -- Other changes to existing planning regimes -- Wales -- Community Infrastructure Levy -- Final provisions
520 _aThe Planning Act 2008 establishes the Infrastructure Planning Commission, makes provision for infrastructure development projects of national significance, allows for the imposition of the Community Infrastructure Levy (CIL) and introduces other provisions in relation to town and country planning. Also introduces changes to and revocations of, various other orders.
521 _aAdvanced
590 _aKA NTK
650 2 4 _aPLANNING ACT 2008
651 4 _aUnited Kingdom
_y
690 _aPlanning and development
_96259
856 4 0 _uhttps://www.opsi.gov.uk/acts/acts2008a
_zView the item free of charge online at www.opsi.gov.uk...
942 _n0
999 _c109039
_d109039